000 00513nam a2200193Ia 4500
003 OSt
005 20260113163630.0
008 210210b2001 xxu||||| |||| 00| 0 eng d
040 _cAL
082 _aK894.9E AMUE
100 _aAMUR (G S).
_9251132
245 _aEssays on modern Kannada literature
260 _aBangalore
_bKarnataka Sahitya AkademI
_c2001
300 _av,388
650 _aKannada Criticism in English
_9251133
690 _aKannada Criticism
_9251134
906 _a057804
942 _2ddc
_cBK
999 _c105198
_d105198